The Sulu zone, 1768-1898 : (Record no. 16903)
[ view plain ]
| 000 -LEADER | |
|---|---|
| fixed length control field | 01038nam a2200217 4500 |
| 008 - FIXED-LENGTH DATA ELEMENTS--GENERAL INFORMATION | |
| fixed length control field | 030909s1985 si ab b 001 0 eng |
| 020 ## - INTERNATIONAL STANDARD BOOK NUMBER | |
| International Standard Book Number | 9971690047 :Php433.00 |
| 090 ## - LOCALLY ASSIGNED LC-TYPE CALL NUMBER (OCLC); LOCAL CALL NUMBER (OCLC) | |
| Classification number (OCLC) (R) ; Classification number, CALL (RLIN) (NR) | DS688.S9 |
| Local cutter number (OCLC) ; Book number/undivided call number, CALL (RLIN) | W25s |
| 100 1# - MAIN ENTRY--PERSONAL NAME | |
| Personal name | Warren, James Francis, |
| Dates associated with a name | 1942- |
| 245 14 - TITLE STATEMENT | |
| Title | The Sulu zone, 1768-1898 : |
| Remainder of title | the dynamics of external trade, slavery, and ethnicity in the transformation of a Southeast Asian maritime state / |
| Statement of responsibility, etc | James Francis Warren. |
| 260 ## - PUBLICATION, DISTRIBUTION, ETC. (IMPRINT) | |
| Place of publication, distribution, etc | Quezon City : |
| Name of publisher, distributor, etc | New Day Publishers, |
| Date of publication, distribution, etc | c1985, 1981. |
| 300 ## - PHYSICAL DESCRIPTION | |
| Extent | xxvi, 390 p. : |
| Other physical details | ill., maps ; |
| Dimensions | 23 cm. |
| 500 ## - GENERAL NOTE | |
| General note | Includes index. |
| 500 ## - GENERAL NOTE | |
| General note | Originally presented as the author's thesis (doctoral--Australian National University), 1975. |
| 504 ## - BIBLIOGRAPHY, ETC. NOTE | |
| Bibliography, etc | Bibliography: p. 361-381. |
| 650 #0 - SUBJECT ADDED ENTRY--TOPICAL TERM | |
| Topical term or geographic name as entry element | Ethnology |
| Geographic subdivision | Philippines |
| -- | Sulu Archipelago. |
| 650 #0 - SUBJECT ADDED ENTRY--TOPICAL TERM | |
| Topical term or geographic name as entry element | Slave-trade |
| Geographic subdivision | Philippines |
| -- | Sulu Archipelago |
| General subdivision | History. |
| 651 #0 - SUBJECT ADDED ENTRY--GEOGRAPHIC NAME | |
| Geographic name | Sulu Archipelago (Philippines) |
| General subdivision | Commerce |
| -- | History. |
| 651 #0 - SUBJECT ADDED ENTRY--GEOGRAPHIC NAME | |
| Geographic name | Sulu Archipelago (Philippines) |
| General subdivision | History. |
| 951 ## - EQUIVALENCE OR CROSS-REFERENCE-GEOGRAPHIC NAME/AREA NAME [OBSOLETE] [CAN/MARC only] | |
| General subdivision | 00025368 |
| 951 ## - EQUIVALENCE OR CROSS-REFERENCE-GEOGRAPHIC NAME/AREA NAME [OBSOLETE] [CAN/MARC only] | |
| -- | 26362 |
| -- | DS688.S9/W25s |
| -- | 070613111310859 |
| -- | 2000-12-21 |
| -- | GC |
| Withdrawn status | Lost status | Damaged status | Not for loan | Home library | Current library | Shelving location | Date acquired | Accession number | Shelving control number | Total Checkouts | Full call number | Barcode | Date last seen | Price effective from | Koha item type |
|---|---|---|---|---|---|---|---|---|---|---|---|---|---|---|---|
| BSOP Library | BSOP Library | GC | 12/21/2000 | 26362 | 127 | DS688.S9/W25s | 00025368 | 02/23/2013 | 02/23/2013 | Books |
